00943nam a2200241Ia 4500001000600000003000900006008004100015040001300056040001300069041001300082100001600095100002900111245002200140245004700162250001100209260000900220260002600229260004900255300005700304500028500361650002400646650003100670G4890IT-RoPAU130308s9999 xx 000 0 und d aIT-RoPAU cIT-RoPAU aITALIANO aForte Bruno gCodice Aut. SPICS: 29267 aO Dio o il nulla? bMicromega, Almanacco di Filosofia (2/2000) a1a ed. aROMA bEditoriale L'Espresso c2000 [1° Ed.:2000 - Ed.Ling.Originale:2000] a"12 p. (prefazione: no ; testo: 12 [pagine: 85-96])" aIl Rapporto Strettissimo tra Preghiera e Filosofia, Dove Questa è L'Interrogare Radicale, Spinto fino Alla soglia Dello Stupore Davanti All'Indicibile e All'Indeducibile, Mentre la Prima è Uno Stare Sulla soglia del Mistero, Aprendosi all'ascolto dell'Altro, fino a Invocarlo. aPASTORALE E CULTURE eCodice materia Spics: 9302